[Event "2nd Irena Warakomska Memorial-A"]
[Site "Suwalki"]
[Date "2018.08.07"]
[Round "8"]
[White "Sliwicki, Damian"]
[Black "Goluch, Piotr"]
[Result "1-0"]
[WhiteElo "2220"]
[BlackElo "2301"]
[Annotator "NA"]
[PlyCount "173"]
[EventDate "2018.08.01"]
[EventType "swiss"]
[EventCountry "POL"]
[SourceTitle "playchess.com"]
[Source "ChessBase"]
[SourceQuality "1"]
[TimeControl "40/5400+30:1800+30"]

1. e4 {[%emt 0:00:00]} c6 {[%emt 0:00:00]} 2. Nc3 {[%emt 0:00:00]} d5 {[%emt 0:00:00]} 3. Nf3 {[%emt 0:00:02]} Bg4 {[%emt 0:00:00]} 4. h3 {[%emt 0:00:09]} Bxf3 {[%emt 0:00:00]} 5. Qxf3 {[%emt 0:00:05]} e6 {[%emt 0:00:02]} 6. d3 {[%emt 0:00:09]} Nf6 {[%emt 0:00:14]} 7. Bd2 {[%emt 0:00:23]} Nbd7 {[%emt 0:00:20]} 8. O-O-O {[%emt 0:00:07]} Bb4 {[%emt 0:00:57]} 9. a3 {[%emt 0:00:10]} Ba5 {[%emt 0:04:00]} 10. g4 {[%emt 0:01:10]} d4 {[%emt 0:00:22]} 11. Ne2 {[%emt 0:00:56]} Bxd2+ {[%emt 0:03:14]} 12. Rxd2 {[%emt 0:00:06]} Nc5 {[%emt 0:03:28]} 13. h4 {[%emt 0:03:28]} Nfd7 {[%emt 0:03:28]} 14. Qg3 {[%emt 0:00:47]} Qb6 {[%emt 0:12:07]} 15. Nxd4 {[%emt 0:11:01]} Na4 {[%emt 0:05:28]} 16. Nb3 {[%emt 0:00:28]} Ndc5 {[%emt 0:00:26]} 17. Be2 {[%emt 0:19:54]} Nxb3+ {[%emt 0:00:12]} 18. cxb3 {[%emt 0:00:02]} Nc5 {[%emt 0:00:36]} 19. Bd1 {[%emt 0:01:56]} Nxb3+ {[%emt 0:01:07]} 20. Bxb3 {[%emt 0:00:04]} Qxb3 {[%emt 0:00:05]} 21. Qe5 {[%emt 0:01:44]} f6 {[%emt 0:05:32]} 22. Qh5+ {[%emt 0:00:53]} g6 {[%emt 0:00:34]} 23. Qc5 {[%emt 0:00:13]} Qb6 {[%emt 0:02:30]} 24. Qc3 {[%emt 0:04:53]} O-O {[%emt 0:09:20]} 25. h5 {[%emt 0:11:33]} g5 {[%emt 0:01:08]} 26. f4 {[%emt 0:11:01]} Qe3 {[%emt 0:02:03]} 27. fxg5 {[%emt 0:06:47]} Qxg5 {[%emt 0:00:34]} 28. Qb3 {[%emt 0:03:13]} Rfe8 {[%emt 0:02:06]} 29. h6 {[%emt 0:04:45]} Re7 {[%emt 0:02:40]} 30. Qc3 {[%emt 0:03:46]} e5 {[%emt 0:04:29]} 31. Kc2 {[%emt 0:03:48]} Qxg4 {[%emt 0:01:42]} 32. Qc5 {[%emt 0:01:44]} Qe6 {[%emt 0:07:01]} 33. Rg2+ {[%emt 0:00:05]} Kh8 {[%emt 0:00:07]} 34. Rhg1 {[%emt 0:04:42]} b6 {[%emt 0:01:11]} 35. Qf2 {[%emt 0:01:29]} c5 {[%emt 0:02:13]} 36. Rg7 {[%emt 0:00:57]} Rae8 {[%emt 0:00:13]} 37. Qf5 {[%emt 0:03:16]} Qxf5 {[%emt 0:00:29]} 38. exf5 {[%emt 0:00:03]} a6 {[%emt 0:05:48]} 39. a4 {[%emt 0:01:14]} b5 {[%emt 0:06:08]} 40. a5 {[%emt 0:00:00]} c4 {[%emt 0:00:00]} 41. dxc4 {[%emt 0:14:46]} bxc4 {[%emt 0:00:21]} 42. Rxe7 {[%emt 0:00:59]} Rxe7 {[%emt 0:00:06]} 43. Rd1 {[%emt 0:00:03]} Kg8 {[%emt 0:00:50]} 44. Rd8+ {[%emt 0:01:19]} Kf7 {[%emt 0:00:02]} 45. Rh8 {[%emt 0:00:06]} Re8 {[%emt 0:00:21]} 46. Rxh7+ {[%emt 0:00:03]} Kg8 {[%emt 0:00:04]} 47. Rg7+ {[%emt 0:00:03]} Kh8 {[%emt 0:00:07]} 48. Ra7 {[%emt 0:03:26]} e4 {[%emt 0:05:16]} 49. Rxa6 {[%emt 0:00:04]} Re5 {[%emt 0:00:03]} 50. Rxf6 {[%emt 0:02:29]} Rxa5 {[%emt 0:00:04]} 51. Re6 {[%emt 0:00:37]} Rxf5 {[%emt 0:01:29]} 52. Rxe4 {[%emt 0:00:05]} Kh7 {[%emt 0:00:18]} 53. Rxc4 {[%emt 0:00:16]} Kxh6 {[%emt 0:00:08]} 54. Rg4 {[%emt 0:00:03]} Kh5 {[%emt 0:00:06]} 55. Rg8 {[%emt 0:00:10]} Rf3 {[%emt 0:01:00]} 56. b3 {[%emt 0:00:27]} Kh6 {[%emt 0:00:04]} 57. Kb2 {[%emt 0:00:05]} Kh7 {[%emt 0:00:03]} 58. Rg4 {[%emt 0:00:11]} Rf8 {[%emt 0:00:05]} 59. Rg3 {[%emt 0:01:02]} Rb8 {[%emt 0:00:15]} 60. Kc3 {[%emt 0:00:30]} Rc8+ {[%emt 0:00:03]} 61. Kb4 {[%emt 0:00:51]} Rb8+ {[%emt 0:00:05]} 62. Kc5 {[%emt 0:00:05]} Rc8+ {[%emt 0:00:03]} 63. Kd4 {[%emt 0:02:13]} Rd8+ {[%emt 0:00:03]} 64. Kc3 {[%emt 0:00:25]} Rc8+ {[%emt 0:00:01]} 65. Kb2 {[%emt 0:00:27]} Rb8 {[%emt 0:00:04]} 66. Rg4 {[%emt 0:00:05]} Kh6 {[%emt 0:00:04]} 67. b4 {[%emt 0:00:12]} Kh5 {[%emt 0:00:04]} 68. Rd4 {[%emt 0:04:27]} Kg5 {[%emt 0:00:05]} 69. Kb3 {[%emt 0:03:27]} Kf5 {[%emt 0:00:05]} 70. Kc4 {[%emt 0:01:12]} Ke5 {[%emt 0:00:28]} 71. Rd5+ {[%emt 0:01:09]} Ke6 {[%emt 0:00:02]} 72. b5 {[%emt 0:00:27]} Rc8+ {[%emt 0:00:06]} 73. Rc5 {[%emt 0:00:03]} Kd7 {[%emt 0:00:02]} 74. b6 {[%emt 0:00:44]} Ra8 {[%emt 0:01:19]} 75. Kb5 {[%emt 0:00:08]} Ra1 {[%emt 0:01:44]} 76. b7 {[%emt 0:00:26]} Rb1+ {[%emt 0:00:04]} 77. Ka6 {[%emt 0:00:02]} Ra1+ {[%emt 0:00:04]} 78. Kb6 {[%emt 0:00:03]} Rb1+ {[%emt 0:00:04]} 79. Ka7 {[%emt 0:00:09]} Ra1+ {[%emt 0:00:04]} 80. Kb8 {[%emt 0:00:03]} Ra2 {[%emt 0:00:05]} 81. Rc1 {[%emt 0:00:28]} Kd8 {[%emt 0:00:27]} 82. Rd1+ {[%emt 0:00:07]} Ke7 {[%emt 0:00:15]} 83. Rd4 {[%emt 0:01:13]} Ra1 {[%emt 0:00:22]} 84. Kc7 {[%emt 0:00:35]} Rc1+ {[%emt 0:00:05]} 85. Kb6 {[%emt 0:00:03]} Rb1+ {[%emt 0:00:04]} 86. Kc6 {[%emt 0:00:06]} Rb2 {[%emt 0:00:02]} 87. Rd5 {[%emt 0:00:53]} 1-0

[Event "2nd Irena Warakomska Memorial-A"]
[Site "Suwalki"]
[Date "2018.08.07"]
[Round "8"]
[White "Zaika, Daniil"]
[Black "Oglaza, Oskar"]
[Result "1/2-1/2"]
[WhiteElo "2213"]
[BlackElo "2364"]
[Annotator "NA"]
[PlyCount "80"]
[EventDate "2018.08.01"]
[EventType "swiss"]
[EventCountry "POL"]
[SourceTitle "playchess.com"]
[Source "ChessBase"]
[SourceQuality "1"]
[TimeControl "40/5400+30:1800+30"]

1. d4 {[%emt 0:00:00]} Nf6 {[%emt 0:00:00]} 2. c4 {[%emt 0:00:00]} e6 {[%emt 0:00:00]} 3. Nf3 {[%emt 0:00:14]} d5 {[%emt 0:00:16]} 4. g3 {[%emt 0:00:23]} Bb4+ {[%emt 0:00:22]} 5. Nbd2 {[%emt 0:09:57]} O-O {[%emt 0:00:23]} 6. Bg2 {[%emt 0:00:07]} b6 {[%emt 0:00:21]} 7. O-O {[%emt 0:00:52]} Bb7 {[%emt 0:00:12]} 8. Ne5 {[%emt 0:00:56]} Nc6 {[%emt 0:00:55]} 9. Ndf3 {[%emt 0:16:35]} Nxe5 {[%emt 0:08:45]} 10. Nxe5 {[%emt 0:00:32]} Be7 {[%emt 0:00:28]} 11. b3 {[%emt 0:08:18]} Rc8 {[%emt 0:08:26]} 12. Bb2 {[%emt 0:06:29]} c5 {[%emt 0:06:23]} 13. dxc5 {[%emt 0:02:32]} bxc5 {[%emt 0:00:36]} 14. Qc2 {[%emt 0:02:23]} Qb6 {[%emt 0:01:57]} 15. e3 {[%emt 0:00:45]} Rfd8 {[%emt 0:02:39]} 16. Rfd1 {[%emt 0:04:20]} Ne8 {[%emt 0:02:51]} 17. cxd5 {[%emt 0:06:11]} exd5 {[%emt 0:02:16]} 18. h4 {[%emt 0:00:41]} Nf6 {[%emt 0:04:21]} 19. Rd2 {[%emt 0:05:39]} Bd6 {[%emt 0:16:21]} 20. Rad1 {[%emt 0:03:32]} Qc7 {[%emt 0:04:41]} 21. Qf5 {[%emt 0:01:54]} Qe7 {[%emt 0:15:14]} 22. Ng4 {[%emt 0:02:00]} Nxg4 {[%emt 0:07:56]} 23. Qxg4 {[%emt 0:00:26]} d4 {[%emt 0:00:04]} 24. exd4 {[%emt 0:02:01]} c4 {[%emt 0:01:25]} 25. bxc4 {[%emt 0:02:14]} Bxg2 {[%emt 0:01:43]} 26. Kxg2 {[%emt 0:00:08]} Rxc4 {[%emt 0:00:06]} 27. Qf3 {[%emt 0:02:26]} Re8 {[%emt 0:01:22]} 28. d5 {[%emt 0:02:52]} Qe4 {[%emt 0:04:11]} 29. Qxe4 {[%emt 0:06:45]} Rexe4 {[%emt 0:00:25]} 30. Kf3 {[%emt 0:01:03]} f5 {[%emt 0:02:00]} 31. Rc1 {[%emt 0:04:37]} Rxc1 {[%emt 0:01:31]} 32. Bxc1 {[%emt 0:00:03]} Rc4 {[%emt 0:00:33]} 33. Bb2 {[%emt 0:00:09]} Kf7 {[%emt 0:00:23]} 34. Bd4 {[%emt 0:04:55]} a5 {[%emt 0:01:06]} 35. Be3 {[%emt 0:00:42]} Rb4 {[%emt 0:00:36]} 36. Rd4 {[%emt 0:01:42]} Rb2 {[%emt 0:01:13]} 37. Rd2 {[%emt 0:00:08]} Rb4 {[%emt 0:00:18]} 38. Ke2 {[%emt 0:02:15]} f4 {[%emt 0:02:53]} 39. gxf4 {[%emt 0:00:43]} Bxf4 {[%emt 0:00:04]} 40. d6 {[%emt 0:00:00]} Ke8 {[%emt 0:00:00]} 1/2-1/2

[Event "2nd Irena Warakomska Memorial-A"]
[Site "Suwalki"]
[Date "2018.08.07"]
[Round "8"]
[White "Fus, Jakub"]
[Black "Rahul, Srivatshav P"]
[Result "0-1"]
[WhiteElo "2210"]
[BlackElo "2388"]
[Annotator "NA"]
[PlyCount "82"]
[EventDate "2018.08.01"]
[EventType "swiss"]
[EventCountry "POL"]
[SourceTitle "playchess.com"]
[Source "ChessBase"]
[SourceQuality "1"]
[TimeControl "40/5400+30:1800+30"]

1. d4 {[%emt 0:00:00]} Nf6 {[%emt 0:00:00]} 2. c4 {[%emt 0:00:00]} g6 {[%emt 0:00:00]} 3. Nc3 {[%emt 0:00:16]} Bg7 {[%emt 0:00:00]} 4. e4 {[%emt 0:00:18]} d6 {[%emt 0:00:00]} 5. Be2 {[%emt 0:00:17]} O-O {[%emt 0:00:04]} 6. Bg5 {[%emt 0:00:16]} Na6 {[%emt 0:00:55]} 7. f4 {[%emt 0:00:25]} c6 {[%emt 0:07:29]} 8. Bf3 {[%emt 0:01:55]} Nc7 {[%emt 0:03:05]} 9. Nge2 {[%emt 0:01:43]} d5 {[%emt 0:14:31]} 10. cxd5 {[%emt 0:05:40]} cxd5 {[%emt 0:00:07]} 11. e5 {[%emt 0:01:11]} Ne4 {[%emt 0:11:13]} 12. Nxe4 {[%emt 0:02:00]} dxe4 {[%emt 0:00:05]} 13. Bxe4 {[%emt 0:00:06]} Bg4 {[%emt 0:04:26]} 14. O-O {[%emt 0:14:45]} f6 {[%emt 0:04:46]} 15. exf6 {[%emt 0:02:48]} exf6 {[%emt 0:15:52]} 16. Bh4 {[%emt 0:01:32]} Re8 {[%emt 0:00:12]} 17. Bf3 {[%emt 0:01:04]} Qd7 {[%emt 0:00:47]} 18. Nc3 {[%emt 0:07:04]} Bxf3 {[%emt 0:00:22]} 19. Rxf3 {[%emt 0:00:22]} f5 {[%emt 0:00:11]} 20. Rd3 {[%emt 0:06:41]} Ne6 {[%emt 0:02:23]} 21. Qd2 {[%emt 0:08:33]} b5 {[%emt 0:08:34]} 22. Bf2 {[%emt 0:05:23]} Rac8 {[%emt 0:01:35]} 23. a3 {[%emt 0:02:25]} a5 {[%emt 0:00:37]} 24. Ne2 {[%emt 0:06:22]} a4 {[%emt 0:06:14]} 25. Nc3 {[%emt 0:03:12]} Rc4 {[%emt 0:00:15]} 26. Rd1 {[%emt 0:02:42]} Rd8 {[%emt 0:03:04]} 27. Ne2 {[%emt 0:03:21]} Rdc8 {[%emt 0:01:33]} 28. Rc3 {[%emt 0:01:35]} Qd6 {[%emt 0:02:52]} 29. Be3 {[%emt 0:02:03]} Rxc3 {[%emt 0:05:49]} 30. Nxc3 {[%emt 0:00:17]} b4 {[%emt 0:00:25]} 31. axb4 {[%emt 0:06:14]} Qxb4 {[%emt 0:00:01]} 32. d5 {[%emt 0:00:51]} Rd8 {[%emt 0:00:07]} 33. d6 {[%emt 0:06:52]} a3 {[%emt 0:01:10]} 34. Qd5 {[%emt 0:00:06]} Kf7 {[%emt 0:00:07]} 35. Na2 {[%emt 0:03:23]} Qxb2 {[%emt 0:00:08]} 36. Rc1 {[%emt 0:02:36]} Bd4 {[%emt 0:02:31]} 37. Re1 {[%emt 0:01:08]} Qd2 {[%emt 0:01:47]} 38. Qb7+ {[%emt 0:02:55]} Kg8 {[%emt 0:00:06]} 39. Rf1 {[%emt 0:00:31]} Bxe3+ {[%emt 0:00:20]} 40. Kh1 {[%emt 0:00:00]} Qxa2 {[%emt 0:00:00]} 41. Qe7 {[%emt 0:00:13]} Qd5 {[%emt 0:01:29]} 0-1

[Event "2nd Irena Warakomska Memorial-A"]
[Site "Suwalki"]
[Date "2018.08.07"]
[Round "8"]
[White "Zgadzaj, Rafal"]
[Black "Debarshi, Mukherjee"]
[Result "0-1"]
[WhiteElo "2154"]
[BlackElo "2308"]
[Annotator "NA"]
[PlyCount "152"]
[EventDate "2018.08.01"]
[EventType "swiss"]
[EventCountry "POL"]
[SourceTitle "playchess.com"]
[Source "ChessBase"]
[SourceQuality "1"]
[TimeControl "40/5400+30:1800+30"]

1. Nf3 {[%emt 0:00:00]} Nf6 {[%emt 0:00:00]} 2. c4 {[%emt 0:01:05]} g6 {[%emt 0:00:11]} 3. b3 {[%emt 0:02:23]} Bg7 {[%emt 0:00:19]} 4. Bb2 {[%emt 0:00:01]} O-O {[%emt 0:00:11]} 5. g3 {[%emt 0:00:50]} d5 {[%emt 0:03:33]} 6. Bg2 {[%emt 0:05:03]} c5 {[%emt 0:03:20]} 7. cxd5 {[%emt 0:03:43]} Nxd5 {[%emt 0:03:54]} 8. Bxg7 {[%emt 0:00:50]} Kxg7 {[%emt 0:00:02]} 9. O-O {[%emt 0:09:40]} Nc6 {[%emt 0:10:11]} 10. d4 {[%emt 0:07:22]} cxd4 {[%emt 0:03:16]} 11. Nxd4 {[%emt 0:00:10]} Qb6 {[%emt 0:00:43]} 12. Nxc6 {[%emt 0:01:38]} bxc6 {[%emt 0:00:57]} 13. Na3 {[%emt 0:12:50]} Ba6 {[%emt 0:09:58]} 14. Nc4 {[%emt 0:05:06]} Bxc4 {[%emt 0:16:12]} 15. bxc4 {[%emt 0:00:01]} Nf6 {[%emt 0:00:01]} 16. Qa4 {[%emt 0:03:17]} Rac8 {[%emt 0:01:18]} 17. Rab1 {[%emt 0:06:40]} Qc5 {[%emt 0:01:12]} 18. Qb4 {[%emt 0:13:20]} Nd7 {[%emt 0:05:40]} 19. Qc3+ {[%emt 0:04:27]} Ne5 {[%emt 0:02:35]} 20. e3 {[%emt 0:01:28]} f6 {[%emt 0:02:41]} 21. Qd4 {[%emt 0:02:14]} Qa5 {[%emt 0:07:04]} 22. Rb7 {[%emt 0:02:57]} Rc7 {[%emt 0:00:05]} 23. Rxc7 {[%emt 0:01:58]} Qxc7 {[%emt 0:00:02]} 24. Qc5 {[%emt 0:02:12]} Rc8 {[%emt 0:00:49]} 25. Rd1 {[%emt 0:00:39]} Nf7 {[%emt 0:04:46]} 26. Bh3 {[%emt 0:01:21]} Rd8 {[%emt 0:00:02]} 27. Rxd8 {[%emt 0:02:20]} Nxd8 {[%emt 0:00:07]} 28. Bg2 {[%emt 0:01:36]} Kf8 {[%emt 0:00:57]} 29. Qd4 {[%emt 0:02:37]} c5 {[%emt 0:05:15]} 30. Qd5 {[%emt 0:00:31]} e6 {[%emt 0:01:16]} 31. Qa8 {[%emt 0:00:13]} Kg7 {[%emt 0:02:29]} 32. h3 {[%emt 0:01:12]} Kf7 {[%emt 0:01:40]} 33. Bf3 {[%emt 0:00:48]} Ke7 {[%emt 0:00:11]} 34. Bg2 {[%emt 0:00:58]} f5 {[%emt 0:01:26]} 35. e4 {[%emt 0:01:05]} Qa5 {[%emt 0:02:19]} 36. exf5 {[%emt 0:00:35]} gxf5 {[%emt 0:00:01]} 37. Qb8 {[%emt 0:02:20]} Qb6 {[%emt 0:01:40]} 38. Qc8 {[%emt 0:00:24]} Kd6 {[%emt 0:03:34]} 39. Kh2 {[%emt 0:01:22]} Qc7 {[%emt 0:00:09]} 40. Qa8 {[%emt 0:00:00]} Ke7 {[%emt 0:00:00]} 41. Qf3 {[%emt 0:08:36]} Nf7 {[%emt 0:03:15]} 42. Qc3 {[%emt 0:00:23]} Qd8 {[%emt 0:01:22]} 43. a4 {[%emt 0:04:58]} Qb8 {[%emt 0:14:33]} 44. Qe3 {[%emt 0:03:48]} Qe5 {[%emt 0:05:02]} 45. Qb3 {[%emt 0:00:24]} a5 {[%emt 0:00:26]} 46. Qb6 {[%emt 0:02:43]} Qd4 {[%emt 0:01:37]} 47. Qxa5 {[%emt 0:01:26]} Qxf2 {[%emt 0:00:06]} 48. Qc7+ {[%emt 0:01:01]} Kf6 {[%emt 0:00:07]} 49. Qb8 {[%emt 0:02:33]} e5 {[%emt 0:02:04]} 50. Qa8 {[%emt 0:06:20]} e4 {[%emt 0:01:17]} 51. Qc6+ {[%emt 0:00:34]} Kg7 {[%emt 0:01:35]} 52. h4 {[%emt 0:01:17]} e3 {[%emt 0:02:21]} 53. Qf3 {[%emt 0:01:08]} Qd2 {[%emt 0:01:45]} 54. Qf4 {[%emt 0:00:23]} Qd4 {[%emt 0:03:17]} 55. Qxd4+ {[%emt 0:00:53]} cxd4 {[%emt 0:00:01]} 56. Bf1 {[%emt 0:00:10]} Ne5 {[%emt 0:00:03]} 57. Kg2 {[%emt 0:00:57]} d3 {[%emt 0:03:05]} 58. Bxd3 Nxd3 {[%emt 0:00:01]} 59. Kf3 {[%emt 0:01:04]} Ne5+ {[%emt 0:00:45]} 60. Kxe3 {[%emt 0:00:04]} Nxc4+ {[%emt 0:00:01]} 61. Kd4 {[%emt 0:00:41]} Na5 {[%emt 0:00:06]} 62. Ke5 {[%emt 0:01:04]} Kg6 {[%emt 0:00:05]} 63. Ke6 {[%emt 0:00:28]} Nc4 {[%emt 0:00:30]} 64. h5+ {[%emt 0:02:20]} Kg5 {[%emt 0:00:05]} 65. h6 {[%emt 0:00:22]} Kg6 {[%emt 0:00:01]} 66. Ke7 {[%emt 0:00:27]} Kxh6 {[%emt 0:00:02]} 67. Kf6 {[%emt 0:00:14]} Ne3 {[%emt 0:02:23]} 68. a5 {[%emt 0:00:41]} Kh5 {[%emt 0:00:11]} 69. a6 {[%emt 0:00:26]} Kg4 {[%emt 0:00:03]} 70. a7 {[%emt 0:00:51]} Nd5+ {[%emt 0:00:02]} 71. Ke5 {[%emt 0:01:08]} Nc7 {[%emt 0:00:01]} 72. Kf6 {[%emt 0:00:38]} Kxg3 {[%emt 0:02:40]} 73. Ke7 {[%emt 0:00:21]} f4 {[%emt 0:00:04]} 74. Kd7 {[%emt 0:00:03]} Na8 {[%emt 0:00:03]} 75. Kc6 {[%emt 0:00:08]} f3 {[%emt 0:00:05]} 76. Kb7 f2 0-1

[Event "2nd Irena Warakomska Memorial-A"]
[Site "Suwalki"]
[Date "2018.08.07"]
[Round "8"]
[White "Praczukowski, Stanislaw"]
[Black "Kowalski, Igor"]
[Result "1/2-1/2"]
[WhiteElo "2136"]
[BlackElo "2323"]
[Annotator "NA"]
[PlyCount "44"]
[EventDate "2018.08.01"]
[EventType "swiss"]
[EventCountry "POL"]
[SourceTitle "playchess.com"]
[Source "ChessBase"]
[SourceQuality "1"]
[TimeControl "40/5400+30:1800+30"]

1. e4 {[%emt 0:00:00]} e5 {[%emt 0:00:00]} 2. Nf3 {[%emt 0:00:00]} Nc6 {[%emt 0:00:00]} 3. Nc3 {[%emt 0:00:09]} Nf6 {[%emt 0:00:36]} 4. d4 {[%emt 0:01:44]} exd4 {[%emt 0:00:04]} 5. Nxd4 {[%emt 0:00:18]} Bb4 {[%emt 0:00:52]} 6. Nxc6 {[%emt 0:00:30]} bxc6 {[%emt 0:00:04]} 7. Bd3 {[%emt 0:00:12]} d5 {[%emt 0:01:45]} 8. exd5 {[%emt 0:00:26]} cxd5 {[%emt 0:00:10]} 9. O-O {[%emt 0:00:45]} c6 {[%emt 0:04:00]} 10. Bg5 {[%emt 0:03:49]} O-O {[%emt 0:01:53]} 11. Qf3 {[%emt 0:00:53]} h6 {[%emt 0:01:47]} 12. Bxf6 {[%emt 0:01:16]} Qxf6 {[%emt 0:00:03]} 13. Qxf6 {[%emt 0:00:13]} gxf6 {[%emt 0:00:04]} 14. Ne2 {[%emt 0:04:09]} Bd6 {[%emt 0:02:54]} 15. Ng3 {[%emt 0:07:29]} Rb8 {[%emt 0:00:42]} 16. b3 {[%emt 0:05:22]} Re8 {[%emt 0:00:32]} 17. Nf5 {[%emt 0:01:44]} Bxf5 {[%emt 0:01:54]} 18. Bxf5 {[%emt 0:00:09]} Kf8 {[%emt 0:01:46]} 19. Rfe1 {[%emt 0:00:30]} Rxe1+ {[%emt 0:00:53]} 20. Rxe1 {[%emt 0:00:11]} Re8 {[%emt 0:00:23]} 21. Kf1 {[%emt 0:02:05]} Rxe1+ {[%emt 0:00:58]} 22. Kxe1 {[%emt 0:00:09]} Ke7 {[%emt 0:00:36]} 1/2-1/2

[Event "2nd Irena Warakomska Memorial-A"]
[Site "Suwalki"]
[Date "2018.08.07"]
[Round "8"]
[White "Kuchava, Ana"]
[Black "Ocytko, Andrzej"]
[Result "1-0"]
[WhiteElo "2124"]
[BlackElo "2155"]
[Annotator "NA"]
[PlyCount "121"]
[EventDate "2018.08.01"]
[EventType "swiss"]
[EventCountry "POL"]
[SourceTitle "playchess.com"]
[Source "ChessBase"]
[SourceQuality "1"]
[TimeControl "40/5400+30:1800+30"]

1. d4 {[%emt 0:00:54]} Nf6 {[%emt 0:00:10]} 2. Nf3 {[%emt 0:00:14]} e6 {[%emt 0:00:17]} 3. c4 {[%emt 0:01:11]} b6 {[%emt 0:00:15]} 4. a3 {[%emt 0:00:05]} Bb7 {[%emt 0:00:26]} 5. Nc3 {[%emt 0:00:13]} d5 {[%emt 0:02:44]} 6. cxd5 {[%emt 0:00:09]} exd5 {[%emt 0:00:22]} 7. Bg5 {[%emt 0:00:53]} Be7 {[%emt 0:00:23]} 8. e3 {[%emt 0:00:19]} O-O {[%emt 0:00:54]} 9. Bd3 {[%emt 0:01:28]} Nbd7 {[%emt 0:01:34]} 10. O-O {[%emt 0:01:59]} h6 {[%emt 0:00:51]} 11. Bf4 {[%emt 0:00:26]} Nh5 {[%emt 0:09:42]} 12. Be5 {[%emt 0:02:48]} Nhf6 {[%emt 0:00:20]} 13. Bf4 {[%emt 0:01:01]} Nh5 {[%emt 0:00:25]} 14. Be5 {[%emt 0:00:12]} Nhf6 {[%emt 0:00:04]} 15. Bf4 {[%emt 0:00:09]} c5 {[%emt 0:04:08]} 16. h3 {[%emt 0:03:47]} c4 {[%emt 0:00:28]} 17. Bb1 {[%emt 0:02:41]} a6 {[%emt 0:01:22]} 18. Qc2 {[%emt 0:02:48]} b5 {[%emt 0:12:28]} 19. Ne5 {[%emt 0:02:59]} Re8 {[%emt 0:00:23]} 20. g4 {[%emt 0:08:36]} Nf8 {[%emt 0:02:00]} 21. Bh2 {[%emt 0:07:44]} Bd6 {[%emt 0:08:35]} 22. Ba2 {[%emt 0:03:30]} Qb6 {[%emt 0:20:26]} 23. b3 {[%emt 0:21:41]} Rac8 {[%emt 0:00:14]} 24. Rfb1 {[%emt 0:01:16]} Qc7 {[%emt 0:05:02]} 25. Ne2 {[%emt 0:05:01]} N6d7 {[%emt 0:04:52]} 26. Nf3 {[%emt 0:02:06]} Bxh2+ {[%emt 0:01:50]} 27. Nxh2 {[%emt 0:00:06]} Nf6 {[%emt 0:00:22]} 28. b4 {[%emt 0:02:21]} Ne4 {[%emt 0:02:54]} 29. Nc3 {[%emt 0:02:00]} Nd7 {[%emt 0:01:56]} 30. Nf1 {[%emt 0:01:19]} Bc6 {[%emt 0:01:48]} 31. f3 {[%emt 0:00:33]} Nxc3 {[%emt 0:01:24]} 32. Qxc3 {[%emt 0:00:06]} a5 {[%emt 0:01:39]} 33. a4 {[%emt 0:03:47]} axb4 {[%emt 0:03:11]} 34. Rxb4 {[%emt 0:00:40]} bxa4 {[%emt 0:01:19]} 35. Bb1 {[%emt 0:00:34]} Rb8 {[%emt 0:01:43]} 36. Bc2 Qa5 {[%emt 0:03:52]} 37. Rxc4 {[%emt 0:01:56]} Qxc3 {[%emt 0:00:51]} 38. Rxc3 Bb5 {[%emt 0:04:34]} 39. Bxa4 {[%emt 0:03:28]} Bxa4 {[%emt 0:00:04]} 40. Rxa4 {[%emt 0:00:00]} Rb1 {[%emt 0:00:00]} 41. Ra2 {[%emt 0:03:23]} Nf6 {[%emt 0:02:30]} 42. Rac2 {[%emt 0:02:55]} Re7 {[%emt 0:00:29]} 43. Kf2 {[%emt 0:00:56]} g6 {[%emt 0:00:10]} 44. Ng3 {[%emt 0:01:21]} Kg7 {[%emt 0:02:07]} 45. Rc7 {[%emt 0:02:19]} Re6 {[%emt 0:00:39]} 46. R2c6 {[%emt 0:02:50]} Re8 47. Ra7 {[%emt 0:02:29]} Rb2+ {[%emt 0:02:43]} 48. Ne2 {[%emt 0:00:09]} Rb3 {[%emt 0:00:02]} 49. Rcc7 {[%emt 0:01:04]} Rf8 {[%emt 0:00:58]} 50. Nf4 {[%emt 0:00:23]} Kg8 {[%emt 0:00:45]} 51. Rc6 {[%emt 0:00:48]} g5 {[%emt 0:02:26]} 52. Ne2 Nh7 {[%emt 0:01:35]} 53. Ra2 {[%emt 0:08:43]} Re8 {[%emt 0:02:08]} 54. Rc3 {[%emt 0:00:08]} Rb6 {[%emt 0:00:13]} 55. Ng3 {[%emt 0:00:10]} Nf6 {[%emt 0:00:21]} 56. Rac2 {[%emt 0:00:27]} Rbe6 {[%emt 0:00:57]} 57. Nf5 {[%emt 0:00:47]} h5 {[%emt 0:00:03]} 58. Rc7 {[%emt 0:00:45]} Nh7 {[%emt 0:04:33]} 59. gxh5 {[%emt 0:01:41]} Nf6 {[%emt 0:01:05]} 60. Nh6+ {[%emt 0:01:20]} Kg7 {[%emt 0:01:02]} 61. Nxf7 1-0

[Event "2nd Irena Warakomska Memorial-A"]
[Site "Suwalki"]
[Date "2018.08.07"]
[Round "8"]
[White "Walkusz, Witoslaw"]
[Black "Sowul, Bartosz"]
[Result "1-0"]
[WhiteElo "2121"]
[BlackElo "2257"]
[Annotator "NA"]
[PlyCount "85"]
[EventDate "2018.08.01"]
[EventType "swiss"]
[EventCountry "POL"]
[SourceTitle "playchess.com"]
[Source "ChessBase"]
[SourceQuality "1"]
[TimeControl "40/5400+30:1800+30"]

1. e4 c5 2. Nf3 g6 3. d4 cxd4 4. Nxd4 Bg7 5. c4 Nc6 6. Be3 Nf6 7. Nc3 Ng4 8. Qxg4 Nxd4 9. Qd1 e5 10. Bd3 O-O 11. O-O d6 12. Qd2 Be6 13. Rac1 a6 14. f3 Rc8 15. b3 Qe7 16. Rfd1 Rc6 17. Ne2 Nxe2+ 18. Bxe2 Rfc8 19. a4 f5 20. exf5 gxf5 21. f4 e4 22. Bd4 d5 23. Bxg7 Qxg7 24. Rc3 Kh8 25. Rg3 Qf6 26. cxd5 Rc2 27. Qe3 Bd7 28. Bf1 b5 29. axb5 axb5 30. d6 Ra2 31. h3 Qb2 32. Qb6 Re8 33. Bxb5 e3 34. Bxd7 e2 35. Re1 Ra1 36. Qb4 Rea8 37. Be6 h6 38. d7 Rd1 39. Qc3+ Qxc3 40. Rxc3 Rxe1+ 41. Kf2 Rd1 42. Rc8+ Kg7 43. Kxe2 1-0